000 01208cam a2200133 4500500
005 20251214002802.0
041 _afre
042 _adc
100 1 0 _aBardyn, Christophe
_eauthor
245 0 0 _aSocrate et Confucius : Introduction comparée aux philosophies chinoises et occidentales
260 _bArmand Colin,
_c2020.
520 _aIl semble entendu de nos jours que la pensée chinoise est radicalement différente de la philosophie occidentale. Il est même proposé à cette dernière de s’appuyer sur ce décalage pour mettre en cause l’évidence de ses principes et apprendre à s’orienter autrement dans la réalité. On se réfère habituellement pour cela au taoïsme (très critique à l’égard des conventions) plutôt qu’au confucianisme (toujours suspect de moralisme), malgré l’importance primordiale de Confucius aux yeux des penseurs chinois eux-mêmes. L’intention de cet essai est d’établir des rapprochements entre la tradition de pensée issue de Confucius et la philosophie occidentale d’origine grecque, principalement la philosophie socratique.
856 4 1 _uhttps://shs.cairn.info/socrate-et-confucius--9782200628338?lang=fr&redirect-ssocas=7080
999 _c1567443
_d1567443